Procurement Principles and Management: In Digital Age. (Record no. 3261)

MARC details
005 - DATE AND TIME OF LATEST TRANSACTION
control field 20250606061544.0
020 ## - INTERNATIONAL STANDARD BOOK NUMBER
International Standard Book Number 978-1-292-39749-8
082 ## - DEWEY DECIMAL CLASSIFICATION NUMBER
Classification number 658.8 PRO
245 ## - TITLE STATEMENT
Title Procurement Principles and Management: In Digital Age.
250 ## - EDITION STATEMENT
Edition statement 12th Ed.
260 ## - PUBLICATION, DISTRIBUTION, ETC.
Place of publication, distribution, etc. United Kingdom,
Name of publisher, distributor, etc. Peardon,
Date of publication, distribution, etc. 2022.
300 ## - PHYSICAL DESCRIPTION
Extent xvii,563p.; ill.; table.;
Other physical details Indexes.;
Dimensions 24cm.
700 ## - ADDED ENTRY--PERSONAL NAME
Other authors/Editors BAILY, P & FARME, D. & CROCKER, B. & JESSOP, D.
942 ## - ADDED ENTRY ELEMENTS (KOHA)
Source of classification or shelving scheme Dewey Decimal Classification
Koha item type Books
Holdings
Date last seen Total checkouts Full call number Barcode Cost, replacement price Price effective from Koha item type Lost status Source of classification or shelving scheme Damaged status Not for loan Withdrawn status Home library Current library Shelving location Date acquired Cost, normal purchase price
06/06/2025   658.8 PRO DOM000103 536178.00 06/06/2025 Books   Dewey Decimal Classification       CBE Dodoma CBE Dodoma Special Reserve Collection 03/12/2025 178726.00
06/06/2025   658.8 PRO DOM000126 536178.00 06/06/2025 Books   Dewey Decimal Classification       CBE Dodoma CBE Dodoma Special Reserve Collection 03/12/2025 178726.00